[Event "Berlin Lichtenberger op 16th"]
[Site "Berlin"]
[Date "2017.08.23"]
[Round "5"]
[White "Milare, Tyron"]
[Black "Simon, Ralf Axel"]
[Result "0-1"]
[WhiteElo "1730"]
[BlackElo "2184"]
[PlyCount "78"]
[EventDate "2017.08.19"]
[EventType "swiss"]
[EventRounds "9"]
[EventCountry "GER"]
[SourceTitle "CBM 180 Extra"]
[Source "ChessBase"]
[SourceDate "2017.10.06"]
[SourceVersion "1"]
[SourceVersionDate "2017.10.06"]
[SourceQuality "1"]

1. d4 d5 2. Nf3 Nf6 3. c4 e6 4. Bg5 h6 5. Bxf6 Qxf6 6. Nc3 c6 7. e3 g6 8. Bd3 Bg7 9. e4 dxe4 10. Nxe4 Qd8 11. Bc2 0-0 12. 0-0 Qb6 13. c5 Qc7 14. Nd6 Nd7 15. Re1 b6 16. b4 a5 17. Bb3 axb4 18. Nxf7 Rxf7 19. Bxe6 Nf8 20. cxb6 Qxb6 21. Bxf7+ Kxf7 22. Ne5+ Bxe5 23. Rxe5 Be6 24. Qf3+ Kg7 25. Rae1 Qxd4 26. R5e4 Qd6 27. Qe3 Rxa2 28. Rd4 Qe7 29. Rb1 c5 30. Re4 Ra6 31. Re5 Rc6 32. Qe4 Qf6 33. f4 Rc7 34. Qe3 b3 35. g4 c4 36. f5 gxf5 37. gxf5 Bxf5 38. Kh1 Bxb1 39. Qg3+ Bg6 0-1

[Event "GER-ch U12"]
[Site "Willingen"]
[Date "2017.06.04"]
[Round "1"]
[White "Sinnhoefer, Joshua"]
[Black "Milare, Tyron"]
[Result "1/2-1/2"]
[WhiteElo "1560"]
[BlackElo "1789"]
[PlyCount "134"]
[EventDate "2017.06.04"]
[EventType "swiss"]
[EventRounds "11"]
[EventCountry "GER"]
[SourceTitle "CBM 178 Extra"]
[Source "ChessBase"]
[SourceDate "2017.06.22"]
[SourceVersion "1"]
[SourceVersionDate "2017.06.22"]
[SourceQuality "1"]

1. e4 c5 2. Nf3 Nc6 3. d4 cxd4 4. Nxd4 Nf6 5. Nc3 e6 6. Bg5 Be7 7. Nxc6 bxc6 8. e5 Nd5 9. Bxe7 Qxe7 10. Qd2 0-0 11. Bc4 Rb8 12. Bxd5 exd5 13. Qd4 f6 14. f4 Rb4 15. Qe3 d4 16. Qd3 dxc3 17. Qxc3 Re4+ 18. Kd1 Rxf4 19. exf6 Qd6+ 20. Kc1 R8xf6 21. Qb3+ Kh8 22. Re1 Rf1 23. Qe3 Rxe1+ 24. Qxe1 Qf4+ 25. Kd1 Rd6+ 26. Ke2 Re6+ 27. Kd3 Ba6+ 28. Kc3 Re3+ 29. Qxe3 Qxe3+ 30. Kb4 Qd4+ 31. Ka3 Qc5+ 32. Kb3 Qc4+ 33. Ka3 Qxc2 34. Re1 Qd3+ 35. b3 h6 36. g4 c5 37. h4 c4 38. g5 c3 39. h5 Qd6+ 40. Ka4 Qb6 41. Re8+ Kh7 42. g6+ Qxg6 43. hxg6+ Kxg6 44. Re1 c2 45. b4 Bc4 46. a3 h5 47. Ka5 d5 48. b5 d4 49. Kb4 d3 50. Kc3 Bxb5 51. Kd2 h4 52. Re5 h3 53. Re3 Kf5 54. Rxh3 Kg4 55. Rh7 g5 56. Rxa7 Kg3 57. Ra5 Bc4 58. Rxg5+ Kf4 59. Ra5 Ke4 60. Rh5 Kd4 61. a4 c1Q+ 62. Kxc1 Kc3 63. Rc5 d2+ 64. Kd1 Kd3 65. Rxc4 Kxc4 66. Kxd2 Kb4 67. a5 Kxa5 1/2-1/2

[Event "Berlin Lichtenberger op 15th"]
[Site "Berlin"]
[Date "2016.08.21"]
[Round "9"]
[White "Milare, Tyron"]
[Black "Bladt, Johannes"]
[Result "1/2-1/2"]
[WhiteElo "1788"]
[BlackElo "1874"]
[PlyCount "73"]
[EventDate "2016.08.13"]
[EventType "swiss"]
[EventRounds "9"]
[EventCountry "GER"]
[SourceTitle "CBM 173 Extra"]
[Source "ChessBase"]
[SourceDate "2016.08.29"]
[SourceVersion "1"]
[SourceVersionDate "2016.08.29"]
[SourceQuality "1"]

1. Nf3 f5 2. d4 Nf6 3. c4 g6 4. Bg5 Bg7 5. Nc3 d6 6. g3 0-0 7. Bg2 Na6 8. 0-0 Qe8 9. Re1 Qf7 10. b3 Ne4 11. Bd2 e5 12. e3 Nxd2 13. Nxd2 c6 14. dxe5 dxe5 15. Rc1 Nb4 16. Bf1 Be6 17. a3 Na6 18. Nf3 Rad8 19. Qc2 Qf6 20. Red1 g5 21. Rxd8 Rxd8 22. Rd1 Nc7 23. Bg2 e4 24. Nd4 Bf7 25. Bh3 Be6 26. Nce2 g4 27. Bg2 c5 28. Nxe6 Nxe6 29. Bf1 Ng5 30. Bg2 Rd6 31. Rxd6 Qxd6 32. Nf4 Be5 33. Nd5 Kf7 34. Qd2 h5 35. Qa5 a6 36. Qb6 Qxb6 37. Nxb6 1/2-1/2

[Event "Berlin Lichtenberger op 15th"]
[Site "Berlin"]
[Date "2016.08.19"]
[Round "7"]
[White "Stein, Siegfried"]
[Black "Milare, Tyron"]
[Result "0-1"]
[WhiteElo "1856"]
[BlackElo "1788"]
[PlyCount "72"]
[EventDate "2016.08.13"]
[EventType "swiss"]
[EventRounds "9"]
[EventCountry "GER"]
[SourceTitle "CBM 173 Extra"]
[Source "ChessBase"]
[SourceDate "2016.08.29"]
[SourceVersion "1"]
[SourceVersionDate "2016.08.29"]
[SourceQuality "1"]

1. Nf3 Nf6 2. b3 d5 3. Bb2 e6 4. e3 c5 5. c4 Nc6 6. cxd5 exd5 7. Bb5 Bd6 8. Bxc6+ bxc6 9. 0-0 0-0 10. d4 Bg4 11. Nbd2 Ne4 12. Qc2 Bf5 13. Qd1 Re8 14. Ne5 Nxd2 15. Qxd2 Qc7 16. f4 f6 17. Nd3 Bxd3 18. Qxd3 Re4 19. Rac1 Rae8 20. Rf3 Qe7 21. h3 Rxe3 22. Rxe3 Qxe3+ 23. Qxe3 Rxe3 24. Kf2 Bxf4 25. Rxc5 Rd3 26. Rc2 Rd2+ 27. Rxd2 Bxd2 28. Ke2 Ba5 29. Kd3 Kf7 30. g4 g5 31. Bc1 Kg6 32. Ke3 Bb6 33. Bb2 h5 34. Kf3 f5 35. gxf5+ Kxf5 36. b4 g4+ 0-1